LEADER 00777nlm 2200265zu 450 001 996454748003316 005 20220202101817.0 100 $a20160829d1996---- uy 101 0 $aeng 135 $adrcnu 200 1 $aSeismic design and retrofit of bridges$fM. J. N. Priestley, F. Seible, G. M. Calvi 210 1 $aNew York$cWiley$d1996 215 $aTesto elettronico (PDF) (XVII, 686 p. : ill.) 230 $aBase dati testuale 606 0 $aPonti$xIngegneria civile$2BNCF 676 $a624.252 700 1$aPRIESTLEY,$bM. J. N.$043710 702 1$aCALVI,$bG. M. 702 1$aSEIBLE,$bF. 801 0$bcba$aIT$bcba$gREICAT 912 $a996454748003316 959 $aEB 969 $aER 996 $aSeismic design and retrofit of bridges$92145410 997 $aUNISA LEADER 01976nam a2200373 i 4500 001 991001511549707536 005 20231219130412.0 008 940531s1979 it a f c ||1 | ita| 035 $ab10859597-39ule_inst 035 $aLE02370421$9ExL 040 $aDip.to Studi Storici$bita 082 04$a747.25 082 0 $a704.948 082 0 $a709.45 111 2 $aBiennale d'arte antica$n<10. ;$d1979 ;$cBologna, Faenza, Parma>$0401019 245 12$aL'arredo sacro e profano a Bologna e nelle Legazioni pontificie :$bBologna, Palazzo Pepoli Campogrande, Pinacoteca Nazionale, 8 settembre - 25 novembre 1979 /$ccatalogo critico a cura di Jandraka Bentini. La raccolta Zambeccari / a cura di Rosa D'Amico 260 $aBologna :$bAlfa,$c1979 300 $aXV, 469 p. :$bill. ;$c21 cm. 440 2$aL'arte del settecento in Emilia e in Romagna 500 $aIn testa al front.: Regione Emilia-Romagna; Manifestazioni settecentesche; Ente bolognese manifestazioni artistiche; Comuni di Bologna, Faenza, Parma; 10. Biennale d'arte antica; L'arte del Settecento emiliano 501 $aL'arredo sacro e profano a Bologna e nelle Legazioni Pontificie : mobili e intagli, maioliche, oreficerie e metalli ... [etc.] / a cura di Jadranka Bentini. 501 $aLa raccolta Zambeccari / a cura di Rosa D'Amico 650 4$aArte sacra$zBologna$vEsposizioni$y1979 650 4$aPitture$xRaccolta Zambeccari$vEsposizioni$y1979 650 4$aArredi sacri$zEmilia-Romagna$ySec. 18.$vEsposizioni$y1979 700 1 $aBentini, Jadranka 700 1 $aD'Amico, Rosa 740 3 $aLa raccolta Zambeccari / a cura di Rosa d'Amico 907 $a.b10859597$b21-09-06$c28-06-02 912 $a991001511549707536 945 $aLE023 709.45 ART 2 3$g1$i2023000015407$lle023$o-$pE0.00$q-$rn$so$t0$u4$v0$w4$x0$y.i10969445$z28-06-02 996 $aArredo sacro e profano a Bologna e nelle Legazioni pontificie$93655107 997 $aUNISALENTO 998 $ale023$b01-01-94$cm$da$e-$feng$gxx$h2$i1 LEADER 03241nam 2200637Ia 450 001 9910170967503321 005 20200520144314.0 010 $a1-134-45041-9 010 $a1-280-18062-5 010 $a1-134-45042-7 010 $a0-203-21677-6 010 $a9786610180622 024 7 $a10.4324/9780203216774 035 $a(CKB)1000000000248785 035 $a(EBL)171338 035 $a(OCoLC)52973280 035 $a(SSID)ssj0000292541 035 $a(PQKBManifestationID)11236748 035 $a(PQKBTitleCode)TC0000292541 035 $a(PQKBWorkID)10269101 035 $a(PQKB)10133369 035 $a(MiAaPQ)EBC171338 035 $a(EXLCZ)991000000000248785 100 $a20020716d2003 uy 0 101 0 $aeng 135 $aur|n|---||||| 181 $ctxt 182 $cc 183 $acr 200 00$aConstructing risk and safety in technological practice /$fedited by Jane Summerton and Boel Berner 205 $a1st ed. 210 $aLondon ;$aNew York $cRoutledge$d2003 215 $a1 online resource (213 p.) 225 1 $aRoutledge advances in sociology ;$v4 300 $aDescription based upon print version of record. 311 08$a0-203-29386-X 311 08$a0-415-28571-2 320 $aIncludes bibliographical references and index. 327 $aBook Cover; Title; Contents; Contributors; Acknowledgments; Constructing risk and safety in technological practice: an introduction; Interpreting accidents; The ultimate challenge for risk technologies: controlling the accidental; Narratives of trust in constructing risk and danger: interpretations of the Swissair 111 crash; Resituating your data: understanding the human contribution to accidents; Defining risks; ~Talking diesel~: negotiating and contesting environmental risks of automobility in Sweden 327 $aDefining risk and safety in a high security organization: ~bunkering~ at the Los Alamos Plutonium Handling FacilityConstructing safety; Safety as a social construct: the problem(atique) of agency; Creating trust and achieving safety in air traffic control; The social construction of safety in the face of fear and distrust: the case of cardiac intensive care; Constructing workplace safety through control and learning: conflict or compatibility?; Index 330 $aModern technological systems entail risks and uncertainties of hitherto unknown dimensions. This book discusses the construction of risk and safety within a variety of empirical contexts where technologies and their risk are debated and handled by individuals, groups or organizations. With contributions from leading scholars from Europe and the USA, it presents original theoretical discussions, linked to detailed empirical case studies. 410 0$aRoutledge advances in sociology ;$v4. 606 $aIndustrial safety 606 $aRisk management 615 0$aIndustrial safety. 615 0$aRisk management. 676 $a302/.12 701 $aBerner$b Boel$0909208 701 $aSummerton$b Jane$0926919 801 0$bMiAaPQ 801 1$bMiAaPQ 801 2$bMiAaPQ 906 $aBOOK 912 $a9910170967503321 996 $aConstructing risk and safety in technological practice$92082281 997 $aUNINA